[Event "XXVI Ogolnopolska Olimpiada Mlodziezy"]
[Site "Pulawy"]
[Date "2020.10.05"]
[Round "1.12"]
[White "Zielinska, Aleksandra"]
[Black "Arabas, Hanna"]
[Result "1-0"]
[WhiteElo "1384"]
[BlackElo "1110"]
[PlyCount "65"]
[EventDate "2020.10.04"]
[EventType "swiss"]
[Tiebreak "Sum of Buchholz+Median1 Buchholz+Sonneborn-Berger (Swiss)"]

1. e4 c6 2. Nc3 d5 3. Nf3 dxe4 4. Nxe4 Nd7 5. Bc4 Ngf6 6. Ng3 b5 7. Bb3 c5 8.
d3 a5 9. a3 e6 10. O-O Be7 11. Qe2 Ba6 12. Ng5 Nf8 13. Re1 Bc8 14. Nf5 Rg8 15.
Nxe7 Qxe7 16. Qf3 Bb7 17. Qh3 Bc8 18. Bd2 h6 19. Ne4 Nxe4 20. Rxe4 Ra6 21. c4
bxc4 22. Bxc4 Rb6 23. b3 Ba6 24. Bxa5 Rd6 25. b4 cxb4 26. Bxb4 Qf6 27. Rae1 Rc6
28. Bxa6 Rxa6 29. Rc4 Kd7 30. Qg3 Ra7 31. Qd6+ Ke8 32. Rc8+ Qd8 33. Rxd8# 1-0

[Event "XXVI Ogolnopolska Olimpiada Mlodziezy"]
[Site "Pulawy"]
[Date "2020.10.05"]
[Round "1.13"]
[White "Dzierzgowska, Jagoda"]
[Black "Natoli, Alessia"]
[Result "0-1"]
[WhiteElo "1109"]
[BlackElo "1363"]
[PlyCount "130"]
[EventDate "2020.10.04"]
[EventType "swiss"]
[Tiebreak "Sum of Buchholz+Median1 Buchholz+Sonneborn-Berger (Swiss)"]

1. d4 Nf6 2. Nf3 d6 3. Bf4 Nbd7 4. e3 g6 5. c4 Bg7 6. Nc3 O-O 7. Be2 b6 8. O-O
Bb7 9. h3 Ne4 10. Qc2 Nxc3 11. bxc3 c5 12. d5 Ne5 13. e4 Nxf3+ 14. Bxf3 e6 15.
Rfd1 exd5 16. cxd5 Qf6 17. Bd2 Qe7 18. Rac1 c4 19. Be3 Qc7 20. Bd4 Rab8 21.
Bxg7 Kxg7 22. h4 Rfe8 23. Qd2 f6 24. Qf4 a5 25. Rb1 Ba6 26. g4 Rb7 27. g5 fxg5
28. Qxg5 Qe7 29. Qg3 Qe5 30. Qxe5+ Rxe5 31. Rd4 a4 32. Be2 b5 33. a3 Rf7 34.
Rf1 Rf4 35. f3 Bc8 36. Rf2 Rh5 37. Rg2 Rhxh4 38. Kf2 Kf6 39. Ke3 h6 40. e5+
dxe5 41. Rxf4+ Rxf4 42. d6 g5 43. Bd1 Bd7 44. Rh2 Rh4 45. Rxh4 gxh4 46. Kf2 Ke6
47. Kg2 Kxd6 48. Bc2 Ke7 49. Be4 Kf6 50. Kh2 Kg5 51. Kg2 Kf4 52. Kh2 Ke3 53.
Kg2 Kd2 54. Kh2 Kxc3 55. Kg2 b4 56. axb4 Kxb4 57. Bb1 a3 58. Kh2 c3 59. Kg2 c2
60. Bxc2 a2 61. Kh2 a1=Q 62. Kg2 Qb2 63. Kh1 Qxc2 64. f4 Bc6+ 65. Kg1 Qg2# 0-1

[Event "XXVI Ogolnopolska Olimpiada Mlodziezy"]
[Site "Pulawy"]
[Date "2020.10.05"]
[Round "1.13"]
[White "Murawski, Milosz"]
[Black "Mulawa, Cyprian"]
[Result "0-1"]
[WhiteElo "1351"]
[BlackElo "1693"]
[PlyCount "140"]
[EventDate "2020.10.04"]
[EventType "swiss"]
[Tiebreak "Sum of Buchholz+Median1 Buchholz+Sonneborn-Berger (Swiss)"]

1. d4 Nf6 2. Nf3 g6 3. c4 Bg7 4. Nc3 O-O 5. e3 c5 6. Be2 cxd4 7. Nxd4 Nc6 8.
O-O d6 9. b3 Bd7 10. Bb2 a6 11. Bf3 Rb8 12. Nxc6 bxc6 13. Ne4 Nxe4 14. Bxg7
Kxg7 15. Bxe4 Qa5 16. Bf3 Rfd8 17. Qd4+ f6 18. Rfd1 Qc7 19. Rac1 Be8 20. Qe4 f5
21. Qd4+ e5 22. Qc3 Bf7 23. e4 Kg8 24. Rd2 Rd7 25. Rcd1 Rbd8 26. h3 Be6 27. Qc2
Kg7 28. Qc3 fxe4 29. Bxe4 d5 30. cxd5 cxd5 31. Qxc7 Rxc7 32. Bf3 h5 33. g4 h4
34. Re2 Kf6 35. Kf1 g5 36. Red2 Rcd7 37. Be2 Rd6 38. Bf3 Ke7 39. Re1 e4 40. Bg2
Rf8 41. Kg1 Rf4 42. Red1 Kf6 43. Re1 Rc6 44. Rde2 Bf7 45. b4 Rc4 46. a3 Rc3 47.
Re3 Rc7 48. a4 Rb7 49. Rb1 Bg6 50. b5 d4 51. Ree1 axb5 52. Rxb5 Ra7 53. a5 d3
54. Rb6+ Kg7 55. a6 Rf6 56. Rxf6 Kxf6 57. Ra1 Ke5 58. Kf1 Kd4 59. Ke1 Be8 60.
Kd2 Bc6 61. Ra3 Rf7 62. Ke1 d2+ 63. Kxd2 Rxf2+ 64. Ke1 Rxg2 65. a7 Rg3 66. Ra4+
Ke3 67. Ra3+ Kf4 68. Ra6 Ba8 69. Kf2 Rxh3 70. Rf6+ Kxg4 0-1

[Event "XXVI Ogolnopolska Olimpiada Mlodziezy"]
[Site "Pulawy"]
[Date "2020.10.05"]
[Round "1.13"]
[White "Pisarek, Jan"]
[Black "Starosciak, Szymon"]
[Result "0-1"]
[WhiteElo "1608"]
[BlackElo "1926"]
[PlyCount "124"]
[EventDate "2020.10.04"]
[EventType "swiss"]
[Tiebreak "Sum of Buchholz+Median1 Buchholz+Sonneborn-Berger (Swiss)"]

1. e4 c5 2. Nf3 Nc6 3. d4 cxd4 4. Nxd4 Nf6 5. Nc3 d6 6. Bg5 Bd7 7. Qd2 Rc8 8.
f4 Nxd4 9. Qxd4 Qa5 10. Be2 h6 11. Bh4 g5 12. Bg3 gxf4 13. Bh4 Bg7 14. O-O Qe5
15. Qd2 Ng4 16. Qxf4 Qxf4 17. Rxf4 Bxc3 18. bxc3 Ne5 19. Be1 b6 20. Kf2 Rc5 21.
h3 Ra5 22. Bd2 Ra3 23. Rh4 Be6 24. Rxh6 Rxh6 25. Bxh6 Rxc3 26. Bd1 Ra3 27. h4
Rxa2 28. Rxa2 Bxa2 29. Be3 Kf8 30. g4 Be6 31. g5 Bg4 32. Be2 Bxe2 33. Kxe2 Kg7
34. h5 f6 35. gxf6+ Kxf6 36. Bf4 Nf7 37. Kd3 Ne5+ 38. Kc3 Ng4 39. Kc4 e5 40.
Bc1 Ke6 41. h6 Nf6 42. Kb5 Kf7 43. Kc6 Nxe4 44. Kd5 Nc5 45. Kxd6 e4 46. Kd5 a5
47. Be3 a4 48. Kc4 a3 49. Kb4 a2 50. Bd4 e3 51. h7 e2 52. h8=Q e1=Q+ 53. Kc4
Qf1+ 54. Kd5 Qg2+ 55. Kd6 Qg6+ 56. Kc7 Ne6+ 57. Kb7 Qe4+ 58. Kb8 Qxd4 59. Qh7+
Kf6 60. Qh8+ Ke7 61. Qh7+ Kd6 62. Qh2+ Qe5 0-1

[Event "XXVI Ogolnopolska Olimpiada Mlodziezy"]
[Site "Pulawy"]
[Date "2020.10.05"]
[Round "1.13"]
[White "Romejko, Jagoda"]
[Black "Tokarz, Izabela"]
[Result "0-1"]
[WhiteElo "1257"]
[BlackElo "1549"]
[PlyCount "68"]
[EventDate "2020.10.04"]
[EventType "swiss"]
[Tiebreak "Sum of Buchholz+Median1 Buchholz+Sonneborn-Berger (Swiss)"]

1. e4 c5 2. Nf3 Nc6 3. d4 cxd4 4. Nxd4 e5 5. Nb5 d6 6. N1c3 a6 7. Na3 b5 8. Nd5
Nf6 9. f3 Bb7 10. Be3 Nxd5 11. Qxd5 Qc7 12. Qd2 Be7 13. Be2 O-O 14. O-O Nd4 15.
Bxd4 exd4 16. Qxd4 d5 17. Kh1 b4 18. Nb1 dxe4 19. fxe4 Rad8 20. Qc4 Qe5 21. c3
Bd6 22. g3 Bxe4+ 23. Bf3 Bxf3+ 24. Rxf3 Bc5 25. Kg2 Rd1 26. a3 Rg1+ 27. Kh3
Qh5+ 28. Qh4 Qxf3 29. axb4 Qf1+ 30. Kg4 f5+ 31. Kh5 g6+ 32. Kh6 Be3+ 33. Qg5
Bxg5+ 34. Kxg5 Qc1+ 0-1

[Event "XXVI Ogolnopolska Olimpiada Mlodziezy"]
[Site "Pulawy"]
[Date "2020.10.05"]
[Round "1.14"]
[White "Egeman, Emilia"]
[Black "Pastuszko, Katarzyna"]
[Result "1-0"]
[WhiteElo "1534"]
[BlackElo "1251"]
[PlyCount "93"]
[EventDate "2020.10.04"]
[EventType "swiss"]
[Tiebreak "Sum of Buchholz+Median1 Buchholz+Sonneborn-Berger (Swiss)"]

1. e4 e5 2. Nf3 Nc6 3. Bc4 Nf6 4. d3 Bc5 5. O-O d6 6. c3 a6 7. a4 a5 8. Nbd2
O-O 9. h3 d5 10. exd5 Nxd5 11. Re1 Nf4 12. Ne4 Bb6 13. Bxf4 exf4 14. Qd2 Bf5
15. Qxf4 Bg6 16. Rad1 Kh8 17. d4 Ne7 18. Ne5 Nd5 19. Qf3 c6 20. Nc5 Qc7 21.
Bxd5 cxd5 22. Nxg6+ hxg6 23. Qxd5 Bxc5 24. Qxc5 Qxc5 25. dxc5 Rfe8 26. Kf1 Kg8
27. Rd7 Rxe1+ 28. Kxe1 Rb8 29. Kd2 Kf8 30. Kd3 b5 31. cxb6 Rxb6 32. Kc2 Ra6 33.
c4 Ke8 34. Rd5 Ke7 35. Kc3 Ke6 36. b3 Ra7 37. b4 axb4+ 38. Kxb4 Rb7+ 39. Rb5
Rd7 40. a5 Ra7 41. Rb6+ Kd7 42. Kb5 Kc7 43. a6 f6 44. c5 Kc8 45. c6 Re7 46. Rb7
Re1 47. a7 1-0

[Event "XXVI Ogolnopolska Olimpiada Mlodziezy"]
[Site "Pulawy"]
[Date "2020.10.05"]
[Round "1.14"]
[White "Gladyszewska, Kinga"]
[Black "Najdecka, Laura"]
[Result "1/2-1/2"]
[WhiteElo "1359"]
[BlackElo "1106"]
[PlyCount "86"]
[EventDate "2020.10.04"]
[EventType "swiss"]
[Tiebreak "Sum of Buchholz+Median1 Buchholz+Sonneborn-Berger (Swiss)"]

1. e4 e5 2. Nf3 Nc6 3. Bb5 d6 4. h3 Bd7 5. c3 Nf6 6. d3 h6 7. O-O Be7 8. Nbd2
O-O 9. Re1 a6 10. Ba4 b5 11. Bc2 Re8 12. d4 Bf8 13. Nf1 b4 14. d5 Ne7 15. c4 c6
16. Bd2 cxd5 17. cxd5 a5 18. a3 bxa3 19. Rxa3 Qb6 20. Qa1 a4 21. Bxa4 Rxa4 22.
Rxa4 Bxa4 23. Qxa4 Qxb2 24. Bb4 Nc8 25. N1d2 Nb6 26. Qa5 Nfd7 27. Bc3 Qc2 28.
Rb1 Ra8 29. Qb4 Qa4 30. Qb2 Rb8 31. Ra1 Nc4 32. Rxa4 Nxb2 33. Ra2 Nd1 34. Ba1
Rc8 35. Nb3 Nb6 36. Nfd2 Nc3 37. Ra6 Nca4 38. Ra7 Nc5 39. Nxc5 Rxc5 40. Ra6 Nc4
41. Nxc4 Rxc4 42. f3 Be7 43. Bb2 Rc2 1/2-1/2

[Event "XXVI Ogolnopolska Olimpiada Mlodziezy"]
[Site "Pulawy"]
[Date "2020.10.05"]
[Round "1.14"]
[White "Stanislawski, Karol"]
[Black "Kowalski, Witold"]
[Result "1-0"]
[WhiteElo "1639"]
[BlackElo "1330"]
[PlyCount "85"]
[EventDate "2020.10.04"]
[EventType "swiss"]
[Tiebreak "Sum of Buchholz+Median1 Buchholz+Sonneborn-Berger (Swiss)"]

1. d4 d5 2. c4 c6 3. Nf3 Nf6 4. Qc2 e6 5. g3 Nbd7 6. Bg2 Bd6 7. O-O O-O 8. Nbd2
b6 9. b3 Bb7 10. Bb2 Qe7 11. Rfe1 Rac8 12. Ne5 c5 13. e4 cxd4 14. Nxd7 Nxd7 15.
exd5 e5 16. Bxd4 f5 17. Rad1 Qf7 18. Bc3 e4 19. Bh3 Qh5 20. Nxe4 Be5 21. Bb4
Rf7 22. f4 fxe4 23. fxe5 Nxe5 24. Rxe4 Nf3+ 25. Kg2 Ng5 26. Bg4 Qg6 27. Re2
Qxc2 28. Rxc2 Rd8 29. h4 Ne4 30. Be6 a5 31. Ba3 Nf6 32. Rf2 Re8 33. Bxf7+ Kxf7
34. Bb2 h6 35. Rdf1 Re6 36. Kg1 Re3 37. Rf3 Rxf3 38. Rxf3 Ke7 39. Bxf6+ gxf6
40. Kf2 b5 41. Ke3 a4 42. Kd4 axb3 43. axb3 1-0

[Event "XXVI Ogolnopolska Olimpiada Mlodziezy"]
[Site "Pulawy"]
[Date "2020.10.05"]
[Round "1.14"]
[White "Wojdak, Jan"]
[Black "Wydmanski, Szymon"]
[Result "0-1"]
[WhiteElo "1910"]
[BlackElo "1598"]
[PlyCount "84"]
[EventDate "2020.10.04"]
[EventType "swiss"]
[Tiebreak "Sum of Buchholz+Median1 Buchholz+Sonneborn-Berger (Swiss)"]

1. e4 c5 2. Nf3 d6 3. d4 cxd4 4. Nxd4 Nf6 5. Nc3 a6 6. Bc4 e6 7. Bb3 Be7 8. g4
h6 9. Be3 Nc6 10. Rg1 Na5 11. Qe2 Nxb3 12. axb3 Bd7 13. O-O-O Qa5 14. Kb1 b5
15. Qf3 Rc8 16. g5 hxg5 17. Rxg5 g6 18. Nde2 Nh5 19. Ng3 Bxg5 20. Bxg5 b4 21.
Nd5 exd5 22. exd5 Kf8 23. Ne4 Bf5 24. Qd3 Bxe4 25. Qxe4 Kg7 26. Qd4+ Kh7 27. f4
Qc5 28. Qd3 f5 29. Re1 Rhe8 30. Re6 Ng7 31. Qh3+ Kg8 32. Bf6 Rxe6 33. dxe6
Qxc2+ 34. Ka2 Rc5 35. Bd8 Nxe6 36. Qh6 Nxd8 37. Qxg6+ Kf8 38. Qh6+ Ke7 39. Qg5+
Kd7 40. Qg7+ Kc8 41. Qc7+ Kxc7 42. h3 Ra5# 0-1

[Event "XXVI Ogolnopolska Olimpiada Mlodziezy"]
[Site "Pulawy"]
[Date "2020.10.05"]
[Round "1.15"]
[White "Jaszczuk, Piotr"]
[Black "Liskiewicz, Jakub"]
[Result "1-0"]
[WhiteElo "1312"]
[BlackElo "1622"]
[PlyCount "39"]
[EventDate "2020.10.04"]
[EventType "swiss"]
[Tiebreak "Sum of Buchholz+Median1 Buchholz+Sonneborn-Berger (Swiss)"]

1. e4 d6 2. d4 Nf6 3. Nc3 g6 4. f3 Bg7 5. Be3 O-O 6. Qd2 c6 7. g4 b5 8. h4 Nbd7
9. O-O-O b4 10. Nb1 Rb8 11. h5 Qa5 12. a3 c5 13. Bc4 cxd4 14. Bxd4 Qc7 15. b3
bxa3 16. Nxa3 Nc5 17. hxg6 hxg6 18. Qh2 Be6 19. Bxf6 Nxb3+ 20. cxb3 1-0

[Event "XXVI Ogolnopolska Olimpiada Mlodziezy"]
[Site "Pulawy"]
[Date "2020.10.05"]
[Round "1.15"]
[White "Kokot, Agnieszka"]
[Black "Uliasz, Katarzyna"]
[Result "0-1"]
[WhiteElo "1244"]
[BlackElo "1495"]
[PlyCount "90"]
[EventDate "2020.10.04"]
[EventType "swiss"]
[Tiebreak "Sum of Buchholz+Median1 Buchholz+Sonneborn-Berger (Swiss)"]

1. d4 Nf6 2. Nf3 g6 3. c4 Bg7 4. Nc3 O-O 5. e4 d6 6. Be2 Nbd7 7. O-O e5 8. dxe5
dxe5 9. Bg5 h6 10. Be3 Ng4 11. Bd2 c6 12. h3 Ngf6 13. Be3 Qc7 14. Qc2 Nh5 15.
b4 Nf4 16. Bxf4 exf4 17. Rac1 Re8 18. Bd3 Ne5 19. Nxe5 Qxe5 20. f3 Be6 21. Na4
b6 22. a3 Rad8 23. Rfd1 Qg5 24. Kh1 Qg3 25. Rf1 Bxh3 26. Rcd1 Be6 27. Qf2 Qxf2
28. Rxf2 Bxc4 29. Bc2 Rxd1+ 30. Bxd1 Rd8 31. Bc2 Kf8 32. Kh2 Ke7 33. g3 fxg3+
34. Kxg3 Bd4 35. Rh2 h5 36. f4 b5 37. Nc5 Bxc5 38. bxc5 Bd3 39. f5 Bxc2 40.
Rxc2 Rd3+ 41. Kf4 Rxa3 42. fxg6 fxg6 43. Rd2 Rc3 44. Rd6 g5+ 45. Kxg5 Rxc5+ 0-1

[Event "XXVI Ogolnopolska Olimpiada Mlodziezy"]
[Site "Pulawy"]
[Date "2020.10.05"]
[Round "1.15"]
[White "Laszczuk, Marcelina"]
[Black "Popczynska, Maja"]
[Result "1/2-1/2"]
[WhiteElo "1104"]
[BlackElo "1339"]
[PlyCount "62"]
[EventDate "2020.10.04"]
[EventType "swiss"]
[Tiebreak "Sum of Buchholz+Median1 Buchholz+Sonneborn-Berger (Swiss)"]

1. e4 e6 2. d4 d5 3. Nc3 dxe4 4. Nxe4 Nd7 5. Nf3 Ngf6 6. Ng3 b6 7. Be2 Bb7 8.
h3 c5 9. dxc5 Bxc5 10. O-O O-O 11. Qd3 Re8 12. Be3 Bxe3 13. Qxe3 Qc7 14. c3 Nf8
15. Rfe1 Ng6 16. Rad1 Red8 17. Qc1 Qf4 18. Qc2 Qc7 19. Kh1 a6 20. Kg1 b5 21. a3
Kh8 22. Ng5 Kg8 23. Bf3 Bxf3 24. Nxf3 Kh8 25. Qe2 Rxd1 26. Rxd1 Rd8 27. Rd2 Kg8
28. Qe3 Rxd2 29. Qxd2 Qd7 30. Qxd7 Nxd7 31. Ne4 Nf4 1/2-1/2

[Event "XXVI Ogolnopolska Olimpiada Mlodziezy"]
[Site "Pulawy"]
[Date "2020.10.05"]
[Round "1.15"]
[White "Rzenca, Jerzy"]
[Black "Rog, Bartlomiej"]
[Result "0-1"]
[WhiteElo "1584"]
[BlackElo "1906"]
[PlyCount "76"]
[EventDate "2020.10.04"]
[EventType "swiss"]
[Tiebreak "Sum of Buchholz+Median1 Buchholz+Sonneborn-Berger (Swiss)"]

1. c4 Nf6 2. g3 e5 3. Bg2 g6 4. Nc3 Bg7 5. d3 O-O 6. e4 Nc6 7. Nge2 d6 8. O-O
Be6 9. Nd5 Qd7 10. f4 Bg4 11. Qc2 Bxe2 12. Qxe2 Nxd5 13. cxd5 Nd4 14. Qf2 exf4
15. Bxf4 c6 16. dxc6 bxc6 17. Qd2 Rab8 18. Rab1 Qe6 19. b3 Rfd8 20. Bh6 Be5 21.
Bf4 Qg4 22. Bxe5 dxe5 23. Qf2 Rb7 24. Qf6 Re8 25. Bf3 Qd7 26. Rbc1 Qe7 27. Bg4
Qxf6 28. Rxf6 h5 29. Bd1 Rd8 30. Kg2 Rb5 31. Rf2 Rdb8 32. h3 Ra5 33. g4 h4 34.
g5 Rb6 35. a4 Ne6 36. Rfc2 Nf4+ 37. Kf3 Nxd3 38. Ra1 Ne1+ 0-1

[Event "XXVI Ogolnopolska Olimpiada Mlodziezy"]
[Site "Pulawy"]
[Date "2020.10.05"]
[Round "1.16"]
[White "Paszkowski, Krystian"]
[Black "Kusiak, Mateusz"]
[Result "1-0"]
[WhiteElo "1889"]
[BlackElo "1578"]
[PlyCount "65"]
[EventDate "2020.10.04"]
[EventType "swiss"]
[Tiebreak "Sum of Buchholz+Median1 Buchholz+Sonneborn-Berger (Swiss)"]

1. c4 e5 2. g3 Nc6 3. Nc3 f5 4. Bg2 Nf6 5. e3 d5 6. cxd5 Nb4 7. d3 Nfxd5 8.
Nxd5 Nxd5 9. Nf3 Bd6 10. O-O Nf6 11. b3 O-O 12. Bb2 Qe7 13. Qc2 f4 14. gxf4
exf4 15. e4 Nd7 16. e5 Bc5 17. d4 Bb6 18. a4 c5 19. d5 a5 20. Qc4 Nb8 21. Rfe1
h6 22. Rad1 Bg4 23. e6 Bc7 24. d6 Bxd6 25. Rxd6 Qxd6 26. e7+ Kh8 27. exf8=Q+
Qxf8 28. Ne5 Bh5 29. Bf3 Qf5 30. Bxh5 Qxh5 31. Qxf4 Na6 32. Qg3 Nb4 33. Ng6+
1-0

[Event "XXVI Ogolnopolska Olimpiada Mlodziezy"]
[Site "Pulawy"]
[Date "2020.10.05"]
[Round "1.16"]
[White "Ratajczak, Hubert"]
[Black "Zmuda, Tomasz"]
[Result "1-0"]
[WhiteElo "1595"]
[BlackElo "1309"]
[PlyCount "55"]
[EventDate "2020.10.04"]
[EventType "swiss"]
[Tiebreak "Sum of Buchholz+Median1 Buchholz+Sonneborn-Berger (Swiss)"]

1. e4 c5 2. Nf3 Nc6 3. d4 cxd4 4. Nxd4 Qb6 5. Nb3 Nf6 6. Bd3 e6 7. Nc3 Be7 8.
O-O O-O 9. Be3 Qc7 10. f4 d6 11. Qf3 Nb4 12. g4 Nxd3 13. cxd3 a6 14. Rac1 Qd7
15. h4 b5 16. a3 a5 17. g5 Ne8 18. h5 b4 19. Ne2 Ba6 20. axb4 Bxd3 21. Nxa5 d5
22. exd5 exd5 23. Rfd1 Qb5 24. Nd4 Qa6 25. Nac6 Bd6 26. Qxd5 Be2 27. b5 Qc8 28.
Ne7+ 1-0

[Event "XXVI Ogolnopolska Olimpiada Mlodziezy"]
[Site "Pulawy"]
[Date "2020.10.05"]
[Round "1.16"]
[White "Slusarczyk, Anna"]
[Black "Makarec, Anna"]
[Result "1-0"]
[WhiteElo "1330"]
[BlackElo "1103"]
[PlyCount "115"]
[EventDate "2020.10.04"]
[EventType "swiss"]
[Tiebreak "Sum of Buchholz+Median1 Buchholz+Sonneborn-Berger (Swiss)"]

1. d4 d5 2. c4 e6 3. Nc3 Nf6 4. Bg5 Be7 5. Nf3 h6 6. Bh4 O-O 7. e3 b6 8. cxd5
exd5 9. Be2 Bb7 10. O-O Nbd7 11. Rc1 c6 12. Nd2 Ne4 13. Bxe7 Qxe7 14. Ndxe4
dxe4 15. Qd2 Nf6 16. f3 Rac8 17. fxe4 Nxe4 18. Nxe4 Qxe4 19. Rf4 Qe7 20. e4
Rfd8 21. Bc4 Rf8 22. Rc3 Kh8 23. Rg4 Rcd8 24. Rh3 Rd6 25. Bd3 Bc8 26. e5 Bxg4
27. exd6 Qxd6 28. Rh4 Bc8 29. Bc2 Bb7 30. Qd3 Qg6 31. Qa3 Qxc2 32. Qxf8+ Kh7
33. Qxf7 Ba6 34. h3 Be2 35. Rf4 Bd3 36. Rf2 Qc1+ 37. Kh2 Qe3 38. Qf4 Qe6 39.
Rf3 Bg6 40. a3 Qa2 41. Rf2 Qc4 42. h4 h5 43. g4 c5 44. gxh5 Bxh5 45. Qg5 Bg6
46. h5 Bb1 47. d5 Qd4 48. Rd2 Qa4 49. d6 Qd7 50. h6 Bg6 51. hxg7 Kxg7 52. Qe5+
Kh6 53. Qh8+ Bh7 54. Qf8+ Kg6 55. Rg2+ Kh5 56. Qf3+ Kh4 57. Qf6+ Kh5 58. Qg5#
1-0

[Event "XXVI Ogolnopolska Olimpiada Mlodziezy"]
[Site "Pulawy"]
[Date "2020.10.05"]
[Round "1.16"]
[White "Trybus, Dominika"]
[Black "Labedz, Gabriela"]
[Result "1-0"]
[WhiteElo "1471"]
[BlackElo "1240"]
[PlyCount "95"]
[EventDate "2020.10.04"]
[EventType "swiss"]
[Tiebreak "Sum of Buchholz+Median1 Buchholz+Sonneborn-Berger (Swiss)"]

1. e4 c5 2. Nf3 Nc6 3. g3 d6 4. c3 Nf6 5. Qe2 e5 6. Bg2 Be7 7. O-O O-O 8. Na3
Be6 9. Nc2 Na5 10. Rd1 c4 11. Ng5 Qc7 12. Nxe6 fxe6 13. Bh3 Qc8 14. d4 cxd3 15.
Qxd3 Kh8 16. Ne3 b6 17. Nd5 Bd8 18. Nxf6 Rxf6 19. Qxd6 Nc4 20. Qd3 Qc5 21. Qe2
h6 22. b3 Nd6 23. Be3 Qc6 24. f3 Be7 25. Rd3 Raf8 26. Bg2 Nb5 27. c4 Nd4 28.
Bxd4 exd4 29. e5 Rf5 30. f4 Qd7 31. Bh3 R5f7 32. Qg4 Bb4 33. Qxe6 Qxe6 34. Bxe6
Re7 35. Bd5 Bc3 36. Rf1 g5 37. Kg2 g4 38. Rh1 h5 39. h3 gxh3+ 40. Rxh3 Rh7 41.
Be4 Rh6 42. f5 Ba1 43. g4 Rg8 44. Bf3 Kh7 45. f6 hxg4 46. Be4+ Rgg6 47. Rxh6+
Kxh6 48. f7 1-0

[Event "XXVI Ogolnopolska Olimpiada Mlodziezy"]
[Site "Pulawy"]
[Date "2020.10.05"]
[Round "1.17"]
[White "Czarkowska, Dalia"]
[Black "Marczyk, Kinga"]
[Result "0-1"]
[WhiteElo "1087"]
[BlackElo "1306"]
[PlyCount "83"]
[EventDate "2020.10.04"]
[EventType "swiss"]
[Tiebreak "Sum of Buchholz+Median1 Buchholz+Sonneborn-Berger (Swiss)"]

1. e4 c5 2. Nc3 d6 3. f4 e6 4. Nf3 Nf6 5. Bb5+ Nbd7 6. O-O a6 7. Bxd7+ Bxd7 8.
Ng5 h6 9. Nf3 Be7 10. e5 dxe5 11. fxe5 Nh7 12. Ne1 O-O 13. d3 Qc7 14. Qg4 Qxe5
15. Bxh6 Qd4+ 16. Qxd4 cxd4 17. Bd2 dxc3 18. Bxc3 Nf6 19. Nf3 Nd5 20. Ne5 Bb5
21. Bd4 Nf6 22. c4 Bc6 23. a3 Rfd8 24. Bb6 Rdc8 25. b4 Bd6 26. Bd4 Rd8 27. Rad1
Ba4 28. Rd2 Bxb4 29. Rb2 Rxd4 30. Rxb4 Bc6 31. Rd1 Ng4 32. Nf3 Rd6 33. c5 Ne3
34. cxd6 Nxd1 35. Rd4 Bxf3 36. gxf3 Nc3 37. Rc4 Nd5 38. d7 Nb6 39. Rc7 Rd8 40.
Rxb7 Nxd7 41. d4 Nf6 42. Rb4 0-1

[Event "XXVI Ogolnopolska Olimpiada Mlodziezy"]
[Site "Pulawy"]
[Date "2020.10.05"]
[Round "1.17"]
[White "Podlewski, Szymon"]
[Black "Wiatrowski, Zbigniew"]
[Result "0-1"]
[WhiteElo "1526"]
[BlackElo "1849"]
[PlyCount "86"]
[EventDate "2020.10.04"]
[EventType "swiss"]
[Tiebreak "Sum of Buchholz+Median1 Buchholz+Sonneborn-Berger (Swiss)"]

1. e4 c5 2. Nf3 Nc6 3. d4 cxd4 4. Nxd4 Nf6 5. Nc3 e5 6. Nf3 Bb4 7. Bg5 O-O 8.
Bb5 Qa5 9. Bd3 d5 10. Bd2 d4 11. Ne2 Bg4 12. a3 Bxd2+ 13. Qxd2 Qxd2+ 14. Kxd2
Nd7 15. h3 Be6 16. Ng5 Nc5 17. Nxe6 fxe6 18. f3 Nxd3 19. Kxd3 a5 20. b3 b5 21.
Rac1 Rfd8 22. Ng3 Rac8 23. Rb1 Nb8 24. Ne2 Na6 25. Rhc1 Kf7 26. Kd2 Ke7 27. Rb2
b4 28. a4 Rc6 29. Rbb1 Nc5 30. Ng3 Rdd6 31. h4 Kd7 32. Nh5 Na6 33. Nxg7 Rc3 34.
Nh5 Ke7 35. Ng3 d3 36. cxd3 Rdxd3+ 37. Ke2 Nc5 38. Nf1 Nxb3 39. Rxc3 Rxc3 40.
Rb2 Nc5 41. Nd2 Nd3 42. Rb1 Ra3 43. Nb3 Rxb3 0-1

[Event "XXVI Ogolnopolska Olimpiada Mlodziezy"]
[Site "Pulawy"]
[Date "2020.10.05"]
[Round "1.17"]
[White "Tim, Anna"]
[Black "Bialek, Alicja"]
[Result "1-0"]
[WhiteElo "1237"]
[BlackElo "1457"]
[PlyCount "101"]
[EventDate "2020.10.04"]
[EventType "swiss"]
[Tiebreak "Sum of Buchholz+Median1 Buchholz+Sonneborn-Berger (Swiss)"]

1. d4 g6 2. c4 Bg7 3. Nc3 d6 4. e4 e5 5. d5 Ne7 6. Be3 f5 7. f3 Nd7 8. Bd3 Nf6
9. Qd2 f4 10. Bf2 g5 11. g4 h5 12. gxh5 Rxh5 13. O-O-O g4 14. fxg4 Nxg4 15. Nf3
Rh3 16. Qe2 Ng8 17. Ng1 Nxf2 18. Qxf2 Rh8 19. Nf3 Nf6 20. Qg2 Qe7 21. Rdg1 Rg8
22. Qg6+ Kd8 23. Ng5 c6 24. Qf7 Qxf7 25. Nxf7+ Ke7 26. Ng5 Bh6 27. h4 Bg4 28.
Kb1 Bxg5 29. hxg5 Rxg5 30. Be2 Rag8 31. Bxg4 Rxg4 32. Rxg4 Rxg4 33. Rf1 Rg3 34.
Re1 Rh3 35. Kc1 Ng4 36. Kd2 Re3 37. Rxe3 Nxe3 38. b3 Kf6 39. Ke2 Nc2 40. Kd2
Nd4 41. Ke1 Kg5 42. Kf2 Kg4 43. Ne2 Nxe2 44. Kxe2 Kg3 45. Kf1 Kf3 46. c5 cxd5
47. cxd6 Kxe4 48. d7 d4 49. d8=Q Ke3 50. Qa5 e4 51. Qe1+ 1-0

[Event "XXVI Ogolnopolska Olimpiada Mlodziezy"]
[Site "Pulawy"]
[Date "2020.10.05"]
[Round "1.17"]
[White "Wandor, Adam"]
[Black "Grzebieniowski, Michal"]
[Result "1-0"]
[WhiteElo "1308"]
[BlackElo "1588"]
[PlyCount "75"]
[EventDate "2020.10.04"]
[EventType "swiss"]
[Tiebreak "Sum of Buchholz+Median1 Buchholz+Sonneborn-Berger (Swiss)"]

1. d4 d5 2. c4 c6 3. Nc3 Nf6 4. Bf4 e6 5. e3 Be7 6. cxd5 exd5 7. Bd3 O-O 8. Nf3
Bg4 9. h3 Bh5 10. O-O Nbd7 11. Be2 Re8 12. Qb3 Qb6 13. Qc2 Rac8 14. Rad1 Bg6
15. Bd3 Bxd3 16. Qxd3 Bf8 17. Ne5 Nxe5 18. Bxe5 Nd7 19. Bg3 Nf6 20. Be5 Nd7 21.
Bg3 a6 22. Rfe1 Be7 23. Re2 Nf8 24. Rc2 Ng6 25. Rdc1 Qd8 26. Qf5 Ra8 27. Qg4
Bb4 28. a3 Bxc3 29. Rxc3 Qb6 30. R1c2 Qd8 31. Rb3 Qe7 32. Rcc3 Nf8 33. Rb6 Ne6
34. Rcb3 Nd8 35. Bh4 f6 36. Bg3 Kh8 37. Qf5 Rc8 38. Qxc8 1-0

[Event "XXVI Ogolnopolska Olimpiada Mlodziezy"]
[Site "Pulawy"]
[Date "2020.10.05"]
[Round "1.18"]
[White "Jaros, Emilia"]
[Black "Semeradt, Michalina"]
[Result "1-0"]
[WhiteElo "1295"]
[BlackElo "1071"]
[PlyCount "41"]
[EventDate "2020.10.04"]
[EventType "swiss"]
[Tiebreak "Sum of Buchholz+Median1 Buchholz+Sonneborn-Berger (Swiss)"]

1. e4 e5 2. Nf3 Nc6 3. Bc4 Bc5 4. c3 Nf6 5. d3 h6 6. Nbd2 O-O 7. O-O d6 8. Re1
Bg4 9. h3 Bh5 10. Nf1 Ne7 11. Ng3 Bxf3 12. Qxf3 Ng6 13. Nf5 Re8 14. Qg3 Qd7 15.
Qxg6 Qxf5 16. Bxf7+ Kf8 17. exf5 Re7 18. Be6 Rae8 19. Bxh6 Nd7 20. f6 Rxe6 21.
Qxg7# 1-0

[Event "XXVI Ogolnopolska Olimpiada Mlodziezy"]
[Site "Pulawy"]
[Date "2020.10.05"]
[Round "1.18"]
[White "Jaworski, Tymon"]
[Black "Bartnik, Michal"]
[Result "0-1"]
[WhiteElo "1580"]
[BlackElo "1278"]
[PlyCount "94"]
[EventDate "2020.10.04"]
[EventType "swiss"]
[Tiebreak "Sum of Buchholz+Median1 Buchholz+Sonneborn-Berger (Swiss)"]

1. e4 e6 2. d4 d5 3. Nd2 Nf6 4. e5 Nfd7 5. Bd3 c5 6. c3 Nc6 7. Ne2 Qb6 8. Nf3
cxd4 9. cxd4 Bb4+ 10. Bd2 Bxd2+ 11. Qxd2 O-O 12. O-O f6 13. exf6 Nxf6 14. Ng3
Bd7 15. Rac1 Rac8 16. Bb1 a5 17. Rc3 Qb4 18. Rd1 Qd6 19. Re3 Ng4 20. Ree1 Nf6
21. Ne5 b6 22. Qe2 Rfe8 23. Nh5 Rf8 24. Qd3 Ne4 25. f3 Nb4 26. Qe3 Nf6 27. Qg5
Qe7 28. a3 Nc2 29. Nxd7 Qxd7 30. Re2 Nxh5 31. Qxh5 Rf5 32. Qg4 h5 33. Qg6 Nxd4
34. Bxf5 Nxe2+ 35. Kf2 exf5 36. Kxe2 Qb5+ 37. Kf2 Qxb2+ 38. Kg1 Qe2 39. Rf1 Rc2
40. Qg3 d4 41. Re1 Qd2 42. Rf1 d3 43. Qg6 Qe3+ 44. Kh1 Rc1 45. Qe8+ Qxe8 46.
Rxc1 d2 47. Rg1 Qe2 0-1